[Event "US Chess Championships"]
[Site "Saint Louis USA"]
[Date "2013.05.06"]
[EventDate "2013.05.03"]
[Round "4"]
[Result "1-0"]
[White "Ray Robson"]
[Black "Marc Tyler Arnold"]
[WhiteElo "2620"]
[BlackElo "2538"]
[PlyCount "69"]

1. e4 c5 2. Nf3 Nc6 3. d4 cxd4 4. Nxd4 Qb6 5. Nb3 Nf6 6. Nc3
e6 7. Bd3 Qc7 8. f4 d6 9. Qf3 Be7 10. Be3 a6 11. O-O-O Bd7
12. g4 g5 13. Rhf1 gxf4 14. Qxf4 h6 15. h4 Ne5 16. g5 Nfg4
17. Bd2 hxg5 18. hxg5 Nxd3+ 19. cxd3 Ne5 20. Kb1 Rf8 21. Qg3
Rg8 22. Rc1 Qb6 23. Be3 Qb4 24. Bd2 Qb6 25. Be3 Qb4 26. Qf2
Rf8 27. Bd2 Bb5 28. Nd5 Bxd3+ 29. Ka1 Qxe4 30. Nxe7 Bxf1
31. Nc8 Qf3 32. Nxd6+ Kd7 33. Qb6 Rfc8 34. Nxc8 Rxc8 35. Qd4+
1-0

[Event "US Chess Championships"]
[Site "Saint Louis USA"]
[Date "2013.05.07"]
[EventDate "2013.05.03"]
[Round "5"]
[Result "0-1"]
[White "Melikset Khachiyan"]
[Black "Ray Robson"]
[WhiteElo "2518"]
[BlackElo "2620"]
[PlyCount "80"]

1. d4 Nf6 2. c4 g6 3. g3 Bg7 4. Bg2 d5 5. cxd5 Nxd5 6. e4 Nb6
7. Ne2 c5 8. d5 O-O 9. O-O e6 10. Nbc3 Na6 11. Nf4 e5 12. Nfe2
Nc4 13. f4 Nd6 14. fxe5 Bxe5 15. Bf4 Qe7 16. Rc1 Bd7 17. b3 b5
18. Qd2 Rfe8 19. Nd1 c4 20. b4 Bg4 21. a3 Bxe2 22. Qxe2 Bd4+
23. Be3 Bxe3+ 24. Qxe3 Nb8 25. Nc3 a5 26. e5 Qxe5 27. Qxe5
Rxe5 28. Rf6 Ra6 29. a4 axb4 30. axb5 Nxb5 31. Rxa6 Nxc3
32. Ra8 Ne2+ 33. Kf1 Nxc1 34. Rxb8+ Kg7 35. d6 Nd3 36. Bc6 c3
37. Ba4 Re1+ 38. Kg2 Nc5 39. Rxb4 c2 40. d7 Nxd7 0-1

[Event "China-USA Chess Summit"]
[Site "Ningbo CHN"]
[Date "2013.07.20"]
[EventDate "2013.07.19"]
[Round "2.1"]
[Result "0-1"]
[White "Zhou Weiqi"]
[Black "Ray Robson"]
[WhiteElo "2616"]
[BlackElo "2628"]
[PlyCount "114"]

1. d4 d5 2. Nf3 Nf6 3. c4 c6 4. Qb3 dxc4 5. Qxc4 Bg4 6. Nc3
Nbd7 7. e4 Bxf3 8. gxf3 e5 9. Be3 Bd6 10. O-O-O Qe7 11. dxe5
Nxe5 12. Qd4 Bc7 13. f4 Ng6 14. e5 Ng4 15. Qe4 Bb6 16. Bxb6
axb6 17. Rd2 Rd8 18. Bd3 Qh4 19. f5 Nxf2 20. Rxf2 Qxf2
21. fxg6 hxg6 22. Rf1 Qd4 23. Bc4 Qd2+ 24. Kb1 Rxh2 25. Bxf7+
Ke7 26. Qb4+ c5 27. Qb5 Rf2 28. Rc1 Rxf7 29. Qxb6 Qd3+ 30. Ka1
Rf1 31. Qxc5+ Ke6 32. Rb1 Rxb1+ 33. Nxb1 Rd5 34. Qf8 Rxe5
35. a4 Qd7 36. Nc3 Qf7 37. Qd8 Re1+ 38. Ka2 Ke5+ 39. Ka3 Rf1
40. Qb8+ Kf5 41. Qc8+ Kf4 42. Qc5 Kg4 43. Qd4+ Kh5 44. Qd3 Rf3
45. Qe4 g5 46. Qh7+ Kg4 47. Qe4+ Kh3 48. Qh7+ Kg3 49. Kb4 g4
50. Qh1 Kf4 51. Qc1+ Kf5 52. Qc2+ Kg5 53. Ne4+ Kf4 54. Nc5 Qd5
55. Kb5 g3 56. b4 Qc6+ 57. Kc4 b6 0-1

[Event "China-USA Chess Summit"]
[Site "Ningbo CHN"]
[Date "2013.07.21"]
[EventDate "2013.07.19"]
[Round "3.1"]
[Result "1/2-1/2"]
[White "Ray Robson"]
[Black "Wen Yang"]
[WhiteElo "2628"]
[BlackElo "2593"]
[PlyCount "81"]

1. e4 e5 2. Nf3 Nc6 3. Bb5 a6 4. Ba4 d6 5. O-O Bd7 6. d4 Nf6
7. dxe5 dxe5 8. c4 Nxe4 9. Qe2 Nc5 10. Bxc6 Bxc6 11. Nxe5 Qe7
12. Nc3 O-O-O 13. Qg4+ Bd7 14. Nxd7 Qxd7 15. Qf3 Bd6 16. b4
Nd3 17. b5 axb5 18. Nxb5 Bc5 19. Be3 Bxe3 20. Qxe3 c6 21. Na7+
Kc7 22. Rfd1 Rhe8 23. Qg3+ Kb6 24. Nc8+ Qxc8 25. Rxd3 Rxd3
26. Rb1+ Ka7 27. Qxd3 Qe6 28. h3 g6 29. a4 Qe7 30. Qd4+ c5
31. Qb2 Qc7 32. a5 Re6 33. Qa3 Re4 34. Qb3 Re6 35. Qa3 Re4
36. Qb3 Re6 37. Qc3 Ra6 38. Rb5 Rd6 39. Rb1 Ra6 40. Rb5 Rd6
41. Rb1 1/2-1/2

[Event "China-USA Chess Summit"]
[Site "Ningbo CHN"]
[Date "2013.07.22"]
[EventDate "2013.07.19"]
[Round "4.1"]
[Result "1/2-1/2"]
[White "Ray Robson"]
[Black "Xiu Deshun"]
[WhiteElo "2628"]
[BlackElo "2556"]
[PlyCount "105"]

1. e4 e5 2. Nf3 Nc6 3. Bb5 Nf6 4. O-O Nxe4 5. d4 Nd6 6. Bxc6
dxc6 7. dxe5 Nf5 8. Qxd8+ Kxd8 9. Nc3 Ke8 10. h3 h5 11. Bg5
Be6 12. Rfd1 Be7 13. b3 h4 14. Bxe7 Kxe7 15. Ne2 c5 16. Nf4
Rad8 17. Ng5 Rhe8 18. c3 a5 19. Kf1 b6 20. Nfxe6 fxe6 21. a4
Rd5 22. Nf3 Red8 23. Ke2 c6 24. Rd2 Rb8 25. Rd3 Rg8 26. Rad1
g5 27. Kf1 g4 28. hxg4 Rxg4 29. c4 Rxd3 30. Rxd3 Re4 31. Rd2
Nd4 32. Rd3 Nf5 33. Rd2 Rg4 34. Rd1 Rf4 35. Ke2 Re4+ 36. Kf1
Nd4 37. Nxd4 cxd4 38. f3 Rf4 39. Kf2 c5 40. Rh1 Kd7 41. g3
hxg3+ 42. Kxg3 Rf7 43. f4 Rg7+ 44. Kf3 Ke7 45. Kf2 Kf7 46. Kf3
Kf8 47. Rh8+ Rg8 48. Rh6 Kf7 49. Rh7+ Rg7 50. Rh1 Ke7 51. Kf2
Kf7 52. Kf3 Ke7 53. Ke4 1/2-1/2

[Event "China-USA Chess Summit"]
[Site "Ningbo CHN"]
[Date "2013.07.23"]
[EventDate "2013.07.19"]
[Round "5.1"]
[Result "0-1"]
[White "Lu Shanglei"]
[Black "Ray Robson"]
[WhiteElo "2536"]
[BlackElo "2628"]
[PlyCount "46"]

1. e4 c5 2. Nf3 Nf6 3. Nc3 d6 4. d4 cxd4 5. Nxd4 Nc6 6. Bc4 e6
7. Be3 Be7 8. Bb3 O-O 9. Qe2 e5 10. Nf5 Bxf5 11. exf5 d5
12. O-O-O d4 13. f4 Qa5 14. fxe5 dxc3 15. exf6 Bxf6 16. g4
Rae8 17. Qf2 Re5 18. Kb1 Rb5 19. a4 Rc8 20. g5 Be5 21. Bf4
Rxb3 22. cxb3 c2+ 23. Kxc2 Bd4 0-1

[Event "US Championship"]
[Site "Saint Louis USA"]
[Date "2014.05.08"]
[EventDate "2014.05.08"]
[Round "1.5"]
[Result "1-0"]
[White "Ray Robson"]
[Black "Sergey Erenburg"]
[WhiteElo "2714"]
[BlackElo "2717"]
[PlyCount "79"]

1. e4 e5 2. Nf3 Nf6 3. Nxe5 d6 4. Nf3 Nxe4 5. Nc3 Nxc3 6. dxc3
Be7 7. Be3 Nc6 8. Qd2 Be6 9. O-O-O Qd7 10. Kb1 Bf6 11. h4
O-O-O 12. Bg5 Bxg5 13. hxg5 Bg4 14. Rc1 Bxf3 15. gxf3 f6
16. f4 Kb8 17. Bg2 Rdf8 18. Rce1 Ne7 19. c4 Ng6 20. Rh3 fxg5
21. Rb3 c6 22. fxg5 Nf4 23. Bf3 h6 24. Rbe3 Rf7 25. g6 Nxg6
26. Bh5 Rf6 27. Bxg6 Rxg6 28. Re7 Qd8 29. c5 dxc5 30. Rd7 Qh4
31. Qa5 Rc8 32. Qxc5 Qg5 33. Qb4 b6 34. a4 c5 35. Qb5 Rgc6
36. Qa6 R6c7 37. Rxc7 Kxc7 38. Qxa7+ Kd6 39. Qxb6+ Kd7
40. Rd1+ 1-0

[Event "US Championship"]
[Site "Saint Louis USA"]
[Date "2014.05.09"]
[EventDate "2014.05.08"]
[Round "2.1"]
[Result "1/2-1/2"]
[White "Samuel Shankland"]
[Black "Ray Robson"]
[WhiteElo "2698"]
[BlackElo "2714"]
[PlyCount "60"]

1. e4 e5 2. Nf3 Nf6 3. Nxe5 d6 4. Nf3 Nxe4 5. d4 d5 6. Bd3 Nc6
7. O-O Be7 8. c4 Nb4 9. Be2 O-O 10. Nc3 Bf5 11. a3 Nxc3
12. bxc3 Nc6 13. Re1 Re8 14. Ra2 Na5 15. cxd5 Qxd5 16. Rb2 a6
17. Ne5 Bxa3 18. Bf3 Qd6 19. Rbe2 Bxc1 20. Qxc1 Nc6 21. Qb2
Nxe5 22. Rxe5 Rxe5 23. Rxe5 Bd7 24. Qxb7 Re8 25. Rxe8+ Bxe8
26. Qa8 Kf8 27. Be2 Qa3 28. Qxa6 Qxc3 29. Qc4 Qxc4 30. Bxc4
Ke7 1/2-1/2

[Event "US Championship"]
[Site "Saint Louis USA"]
[Date "2014.05.11"]
[EventDate "2014.05.08"]
[Round "4.1"]
[Result "1-0"]
[White "Aleksandr Lenderman"]
[Black "Ray Robson"]
[WhiteElo "2582"]
[BlackElo "2631"]
[PlyCount "99"]

1. c4 Nf6 2. d4 g6 3. g3 Bg7 4. Bg2 d5 5. cxd5 Nxd5 6. e4 Nb6
7. Ne2 c5 8. d5 O-O 9. O-O e6 10. Nec3 Na6 11. Na3 exd5
12. exd5 Bf5 13. Be3 Qd7 14. Qb3 Rfe8 15. Rfd1 Rxe3 16. fxe3
Nb4 17. Ne4 N4xd5 18. Nxc5 Qe7 19. Bxd5 Qxc5 20. Bxf7+ Kh8
21. Nc4 Rf8 22. Rac1 Bg4 23. Rf1 Nd7 24. Qa3 Bh3 25. Rf2 b5
26. Qxc5 Nxc5 27. Ne5 Ne4 28. Rf4 Bf5 29. Nxg6+ hxg6 30. Rh4+
Bh6 31. Rc7 g5 32. Rxh6+ Kg7 33. g4 Kxh6 34. gxf5 Rd8 35. Rc6+
Kg7 36. Bb3 Rd2 37. Re6 Nf6 38. e4 Rxb2 39. e5 Ng4 40. Re7+
Kh6 41. f6 Ne3 42. f7 Rg2+ 43. Kh1 Rf2 44. h3 g4 45. hxg4 Kg6
46. e6 Rf1+ 47. Kh2 Nxg4+ 48. Kg3 Nh6 49. Re8 Kg7 50. Rg8+ 1-0

[Event "US Championship"]
[Site "Saint Louis USA"]
[Date "2014.05.12"]
[EventDate "2014.05.08"]
[Round "5.5"]
[Result "0-1"]
[White "Ray Robson"]
[Black "Daniel Naroditsky"]
[WhiteElo "2631"]
[BlackElo "2543"]
[PlyCount "126"]

1. e4 e5 2. Nf3 Nc6 3. Bb5 Nf6 4. O-O Nxe4 5. d4 Nd6 6. Ba4 e4
7. Ne5 Be7 8. Nc3 O-O 9. Re1 Bg5 10. Nxe4 Nxe4 11. Rxe4 Bxc1
12. Rxc1 Ne7 13. Qd2 d6 14. Nf3 Bf5 15. Re2 Ng6 16. Rce1 Qf6
17. c3 c6 18. Bc2 Bxc2 19. Qxc2 Nf4 20. Re7 b5 21. Qe4 Nd5
22. Rb7 h6 23. Qg4 a5 24. h4 a4 25. a3 Qd8 26. g3 Qc8 27. Qxc8
Rfxc8 28. Nd2 Rcb8 29. Rd7 Rd8 30. Rxd8+ Rxd8 31. c4 Nb6
32. Rc1 Kf8 33. cxb5 cxb5 34. Rc6 Nd5 35. Kf1 Ke7 36. Ke2 Kd7
37. Ra6 f5 38. Kd3 Rc8 39. Ra7+ Nc7 40. d5 Re8 41. f4 Kc8
42. b3 axb3 43. Nxb3 Kb8 44. Ra5 Kb7 45. a4 b4 46. Nd2 Re1
47. Nc4 Rc1 48. Nxd6+ Kb6 49. Kd2 Rc3 50. Nb7 Kxb7 51. d6 Ne6
52. Rb5+ Kc6 53. Rxb4 Rxg3 54. Rb5 Ra3 55. Rxf5 Rxa4 56. Ke3
Ra7 57. Ke4 Kxd6 58. Rd5+ Ke7 59. f5 Ra4+ 60. Ke5 Nf8 61. f6+
gxf6+ 62. Kf5 Rxh4 63. Re5+ fxe5 0-1

[Event "US Championship"]
[Site "Saint Louis USA"]
[Date "2014.05.13"]
[EventDate "2014.05.08"]
[Round "6.6"]
[Result "0-1"]
[White "Mackenzie Molner"]
[Black "Ray Robson"]
[WhiteElo "2634"]
[BlackElo "2714"]
[PlyCount "54"]

1. e4 c5 2. Nf3 e6 3. d4 cxd4 4. Nxd4 Nc6 5. Nc3 Qc7 6. Be3 a6
7. Qd2 Nf6 8. f4 Be7 9. e5 Ng4 10. Bg1 f6 11. exf6 Nxf6 12. g3
Na5 13. O-O-O b5 14. Bg2 Bb7 15. Bxb7 Qxb7 16. Bf2 Rc8 17. Qd3
O-O 18. Nf3 b4 19. Na4 Nd5 20. Qe4 Rc4 21. Rd4 Rfc8 22. b3
Rxc2+ 23. Qxc2 Rxc2+ 24. Kxc2 Qc6+ 25. Kd2 Nc3 26. Rd3 Nxa4
27. bxa4 Nc4+ 0-1

[Event "US Championship"]
[Site "Saint Louis USA"]
[Date "2014.05.16"]
[EventDate "2014.05.08"]
[Round "8.4"]
[Result "1/2-1/2"]
[White "Joshua E Friedel"]
[Black "Ray Robson"]
[WhiteElo "2599"]
[BlackElo "2714"]
[PlyCount "72"]

1. e4 e6 2. d4 d5 3. Nd2 c5 4. Ngf3 Nc6 5. exd5 Qxd5 6. Bc4
Qd8 7. dxc5 Bxc5 8. O-O Nf6 9. Nb3 Qxd1 10. Rxd1 Be7 11. c3
Bd7 12. a4 O-O 13. a5 Rfd8 14. a6 bxa6 15. Rxa6 Rac8 16. Be2
Nd5 17. Nbd4 Bc5 18. Nxc6 Bxc6 19. Bd2 Nb6 20. b4 Bxf3
21. gxf3 Be7 22. Rxa7 Bf6 23. Kf1 h5 24. Ra3 Rd5 25. Rb3 h4
26. h3 Rcd8 27. Ke1 Rc8 28. b5 Rf5 29. Rc1 Be7 30. c4 Bc5
31. Be3 g5 32. Kd2 Kf8 33. Bxc5+ Rfxc5 34. Rbc3 Ke7 35. R3c2
R8c7 36. Bd3 Kd6 1/2-1/2

[Event "US Championship"]
[Site "Saint Louis USA"]
[Date "2014.05.17"]
[EventDate "2014.05.08"]
[Round "9.5"]
[Result "1-0"]
[White "Ray Robson"]
[Black "Timur Gareev"]
[WhiteElo "2631"]
[BlackElo "2653"]
[PlyCount "153"]

1. e4 e5 2. Nf3 Nc6 3. d4 exd4 4. Nxd4 Bb4+ 5. c3 Bc5 6. Be3
Bb6 7. g3 Nf6 8. Bg2 d5 9. exd5 Nxd5 10. Nxc6 bxc6 11. Bxb6
axb6 12. O-O O-O 13. Nd2 Be6 14. Re1 Qf6 15. Qh5 Ne7 16. Ne4
Qf5 17. Qxf5 Nxf5 18. Ng5 Rxa2 19. Nxe6 Rxa1 20. Rxa1 fxe6
21. Ra7 c5 22. Rxc7 Rd8 23. Bf1 Kf8 24. Bc4 Rd6 25. Kf1 Ne7
26. Ke2 Kf7 27. f4 Kf6 28. Rb7 Nc6 29. Bb5 Nd8 30. Rc7 h5
31. h3 g6 32. Be8 e5 33. fxe5+ Kxe5 34. Rg7 Kf5 35. Rg8 Nc6
36. Rf8+ Ke5 37. g4 hxg4 38. hxg4 Rd8 39. Rf3 Ne7 40. Re3+ Kd6
41. Rd3+ Nd5 42. Bxg6 Ke5 43. Kf3 Rh8 44. Kg3 Rh1 45. c4 Ne7
46. Re3+ Kf6 47. Be8 Ng8 48. Bd7 Rd1 49. Bf5 Rd6 50. Kf4 Ne7
51. g5+ Kf7 52. Be4 Rd4 53. b3 b5 54. Rd3 Ng6+ 55. Kf5 Ne7+
56. Kf4 Ng6+ 57. Kf5 Ne7+ 58. Ke5 Nc6+ 59. Bxc6 Rxd3 60. cxb5
Ke7 61. Bd5 Rg3 62. Kf4 Rd3 63. Ke5 Rg3 64. Kf4 Rd3 65. Ke4
Rg3 66. Kf5 Rd3 67. Bc4 Rd6 68. g6 Kf8 69. Be6 Kg7 70. Ke5 Rb6
71. Bd7 Rxg6 72. Be6 Kf8 73. Kd6 Ke8 74. b6 Rg7 75. Kc6 Rg6
76. b7 Rxe6+ 77. Kb5 1-0

[Event "US Championship"]
[Site "Saint Louis USA"]
[Date "2014.05.18"]
[EventDate "2014.05.08"]
[Round "10.5"]
[Result "1/2-1/2"]
[White "Alejandro Ramirez-Alvarez"]
[Black "Ray Robson"]
[WhiteElo "2595"]
[BlackElo "2631"]
[PlyCount "97"]

1. Nf3 c5 2. c4 Nc6 3. g3 g6 4. Bg2 Bg7 5. Nc3 e5 6. h4 h6
7. d3 d6 8. Bd2 Nge7 9. a3 Be6 10. b4 cxb4 11. axb4 Nxb4
12. Rb1 a5 13. O-O O-O 14. Ne1 d5 15. Na4 dxc4 16. Nc5 Bd5
17. dxc4 Bxg2 18. Nxg2 Qc7 19. Bxb4 axb4 20. Nd3 Qxc4 21. Rxb4
Qa6 22. Qb3 Nc6 23. Rb6 Nd4 24. Rxa6 Nxb3 25. Rb6 Nd4 26. Re1
Rfd8 27. Kf1 e4 28. Nc5 Nc2 29. Rc1 Bd4 30. Rbb1 Bxc5 31. Rxc2
b6 32. h5 gxh5 33. Nf4 f5 34. Ne6 Rd6 35. Nxc5 Rc6 36. Rb5
Rac8 37. Nxe4 Rxc2 38. Nf6+ Kf7 39. Rxb6 h4 40. gxh4 Rd2
41. Nh5 Ke7 42. Rxh6 Rc1+ 43. Kg2 Rxe2 44. Rh7+ Kd6 45. Rf7
Re5 46. Ng7 Rc4 47. Rf6+ Kd7 48. Rxf5 Rxf5 49. Nxf5 1/2-1/2

[Event "Millionaire Chess"]
[Site "Las Vegas USA"]
[Date "2014.10.09"]
[EventDate "2014.10.09"]
[Round "1.11"]
[Result "1-0"]
[White "Ray Robson"]
[Black "William Morrison"]
[WhiteElo "2628"]
[BlackElo "2274"]
[PlyCount "105"]

1. e4 e5 2. Nf3 Nc6 3. Bb5 a6 4. Ba4 Nf6 5. O-O Be7 6. Re1 b5
7. Bb3 O-O 8. a4 b4 9. d4 d6 10. dxe5 Nxe5 11. Nxe5 dxe5
12. Qe2 Bc5 13. Be3 Qe7 14. Nd2 Bb7 15. Bc4 Rfd8 16. a5 Bxe3
17. Qxe3 Qd6 18. Bd3 Nd7 19. Nb3 Nf8 20. Nc5 Bc8 21. Bc4 Qe7
22. Nd3 Bb7 23. Qc5 Qxc5 24. Nxc5 Bc8 25. Red1 Rd6 26. Rxd6
cxd6 27. Nd3 Be6 28. Bxe6 Nxe6 29. Nxb4 Nc5 30. Rd1 Nb7
31. Rd5 Kf8 32. c4 Ke7 33. Nc2 Nc5 34. f3 Nb3 35. Kf2 Rc8
36. Ne3 g6 37. Ke2 Ke6 38. Kd3 Rb8 39. Kc3 Nd4 40. b4 Ne2+
41. Kb3 f5 42. b5 Nd4+ 43. Kb4 f4 44. Nd1 axb5 45. cxb5 Rc8
46. a6 Rc1 47. Nb2 Rb1 48. Rxd4 exd4 49. a7 Rxb2+ 50. Ka3 Rxb5
51. a8=Q Rc5 52. Qe8+ Kf6 53. Qd7 1-0

[Event "Millionaire Chess"]
[Site "Las Vegas"]
[Date "2014.10.10"]
[EventDate "?"]
[Round "2.9"]
[Result "1/2-1/2"]
[White "Kacper Drozdowski"]
[Black "Ray Robson"]
[WhiteElo "2458"]
[BlackElo "2628"]
[PlyCount "65"]

1. e4 c5 2. Nf3 d6 3. d4 cxd4 4. Nxd4 Nf6 5. f3 e5 6. Nb3 d5
7. Bg5 d4 8. c3 Nc6 9. Bb5 Qb6 10. Qd3 Be7 11. cxd4 O-O
12. Bxc6 bxc6 13. dxe5 Ng4 14. Bxe7 Qf2+ 15. Kd1 Qxg2 16. fxg4
Bxg4+ 17. Kc1 Qxh1+ 18. Kc2 Qxh2+ 19. N1d2 Rfe8 20. Bd6 Rad8
21. Qf1 Be6 22. Nd4 f6 23. Nxe6 Rxe6 24. Qc4 Rde8 25. Rf1 Kh8
26. Qxc6 fxe5 27. Qd7 Qh6 28. b4 Qg6 29. Bc5 h5 30. Rg1 Qf6
31. Rf1 Qg6 32. Rg1 Qf6 33. Rf1 1/2-1/2

[Event "Millionaire Chess"]
[Site "Las Vegas"]
[Date "2014.10.10"]
[EventDate "?"]
[Round "3.13"]
[Result "1-0"]
[White "Ray Robson"]
[Black "John Bartholomew"]
[WhiteElo "2628"]
[BlackElo "2446"]
[PlyCount "93"]

1. e4 e5 2. Nf3 Nc6 3. Bb5 a6 4. Ba4 Nf6 5. O-O Be7 6. Re1 b5
7. Bb3 d6 8. c3 O-O 9. h3 Bb7 10. d4 Re8 11. Nbd2 Bf8 12. a3
g6 13. Ba2 Bg7 14. b4 a5 15. d5 Ne7 16. Nb3 axb4 17. cxb4 h6
18. Bb2 Bc8 19. Rc1 Nh5 20. Na5 Nf4 21. Rc2 Kh7 22. Bc1 g5
23. Bb1 Neg6 24. Nh2 Rf8 25. g3 Nxh3+ 26. Kg2 Qd7 27. Qh5 f6
28. f3 Qf7 29. Kh1 Nh8 30. Qxf7 Rxf7 31. Kg2 h5 32. Bd2 g4
33. Rec1 gxf3+ 34. Nxf3 Bg4 35. Rxc7 Bh6 36. Bxh6 Bxf3+
37. Kxf3 Kxh6 38. Bd3 Rb8 39. Rc8 Rf8 40. Rxf8 Ng5+ 41. Ke3
Rxf8 42. Bxb5 Ng6 43. Bd7 Rf7 44. Bf5 Ne7 45. b5 Nxf5+
46. exf5 Ra7 47. Nc4 1-0

[Event "Millionaire Chess"]
[Site "Las Vegas"]
[Date "2014.10.11"]
[EventDate "?"]
[Round "4.9"]
[Result "0-1"]
[White "Ioan-Cristian Chirila"]
[Black "Ray Robson"]
[WhiteElo "2529"]
[BlackElo "2628"]
[PlyCount "106"]

1. d4 Nf6 2. c4 g6 3. Nc3 d5 4. cxd5 Nxd5 5. Bd2 Bg7 6. e4
Nxc3 7. Bxc3 O-O 8. Qd2 c5 9. d5 Bxc3 10. bxc3 Qd6 11. Nf3 Bg4
12. Be2 e6 13. O-O exd5 14. exd5 Nd7 15. h3 Bxf3 16. Bxf3 b5
17. a4 a6 18. Rfb1 Rab8 19. axb5 axb5 20. Ra2 Rb6 21. Rab2
Rfb8 22. Be2 b4 23. cxb4 Rxb4 24. Rxb4 Rxb4 25. Rxb4 cxb4
26. Bc4 h5 27. Bb3 Kf8 28. Qd4 Qc5 29. Qe4 Kg7 30. Kf1 Qc3
31. Qc4 Nc5 32. Qxc3+ bxc3 33. Bc2 Kf6 34. f4 Ke7 35. g4 h4
36. g5 Kd6 37. Ke2 Kxd5 38. f5 gxf5 39. Bxf5 Ne6 40. Kd3 Nxg5
41. Kxc3 Ke5 42. Bc8 Kf4 43. Kd3 f5 44. Ke2 Nxh3 45. Kf1 Ng5
46. Kg2 Kg4 47. Bd7 h3+ 48. Kh2 Nf3+ 49. Kh1 Ne5 50. Bc8 Kg3
51. Bxf5 h2 52. Be4 Ng4 53. Bg2 Nf2# 0-1

[Event "Millionaire Chess"]
[Site "Las Vegas"]
[Date "2014.10.11"]
[EventDate "?"]
[Round "5.1"]
[Result "1/2-1/2"]
[White "Ray Robson"]
[Black "Yangyi Yu"]
[WhiteElo "2628"]
[BlackElo "2697"]
[PlyCount "86"]

1. e4 c6 2. d4 d5 3. e5 Bf5 4. Nf3 e6 5. Be2 Ne7 6. Nh4 c5
7. dxc5 Be4 8. Nd2 Nec6 9. Nhf3 Nd7 10. O-O Bg6 11. Nb3 Nxc5
12. Bg5 Qc7 13. c4 dxc4 14. Bxc4 h6 15. Bh4 Be7 16. Bxe7 Qxe7
17. Nfd4 Nxb3 18. Nxc6 bxc6 19. Qxb3 O-O 20. Qe3 Qb4 21. b3
Rfd8 22. Rfd1 Qa5 23. Qe2 Qa3 24. h4 h5 25. g3 a5 26. Rd2 a4
27. Rad1 Rxd2 28. Rxd2 axb3 29. axb3 Qc1+ 30. Rd1 Qc3 31. Qe1
Qf3 32. Qe2 Be4 33. Qxf3 Bxf3 34. Re1 Ra2 35. Kf1 Kh7 36. Bd3+
Kh6 37. Be4 Bxe4 38. Rxe4 Kg6 39. Rc4 Ra3 40. Rxc6 Rxb3
41. Rc4 Rb7 42. Rf4 Rb2 43. Re4 Rb7 1/2-1/2

[Event "Millionaire Chess"]
[Site "Las Vegas"]
[Date "2014.10.11"]
[EventDate "?"]
[Round "6.4"]
[Result "0-1"]
[White "Sabino Brunello"]
[Black "Ray Robson"]
[WhiteElo "2552"]
[BlackElo "2628"]
[PlyCount "61"]

1. d4 Nf6 2. c4 g6 3. Nc3 d5 4. cxd5 Nxd5 5. e4 Nxc3 6. bxc3
Bg7 7. Nf3 c5 8. Be3 Qa5 9. Qd2 O-O 10. Rc1 cxd4 11. cxd4
Qxd2+ 12. Nxd2 e6 13. Bb5 a6 14. Ba4 b5 15. Bb3 a5 16. a4 Bd7
17. axb5 Bxb5 18. Bc4 Rc8 19. Ke2 Bd7 20. Nb3 a4 21. Nc5 Be8
22. d5 Nd7 23. dxe6 Nxc5 24. Bxc5 Bb2 25. Rb1 a3 26. Bd5 Rab8
27. Bd6 Rc2+ 28. Ke3 Rd8 29. Bb4 fxe6 30. Bxe6+ Bf7 31. Kd4
0-1

[Event "Millionaire Chess"]
[Site "Las Vegas"]
[Date "2014.10.12"]
[EventDate "?"]
[Round "7.3"]
[Result "1-0"]
[White "Ray Robson"]
[Black "David Berczes"]
[WhiteElo "2628"]
[BlackElo "2471"]
[PlyCount "124"]

1. e4 e5 2. Nf3 Nc6 3. Bb5 a6 4. Ba4 Nf6 5. O-O Be7 6. Re1 b5 7. Bb3 d6 8. c3 O-O
9. h3 Na5 10. Bc2 c5 11. d4 Nd7 12. Nbd2 exd4 13. cxd4 Re8 14. d5 Bf6 15. Rb1 Ra7
16. Nf1 Nc4 17. Ng3 g6 18. b3 Ncb6 19. a4 Ne5 20. Nh2 Bh4 21. Nhf1 f6 22. f4 Nf7
23. Be3 b4 24. a5 Na8 25. Ra1 Nc7 26. Qd2 Nb5 27. Bf2 Rae7 28. Bd3 Nc3 29. Re3
Nh6 30. Rae1 Nf7 31. Bc2 Qxa5 32. Nh2 Qa2 33. Nf3 Bxg3 34. Bxg3 Nxd5 35. Rd3 Nc7
36. f5 Nb5 37. fxg6 hxg6 38. Qf2 Na3 39. Re2 Nxc2 40. Rxc2 Qb1+ 41. Kh2 Rxe4 42.
Bxd6 Bf5 43. Rcd2 R4e6 44. Rd1 Qxd3 45. Rxd3 Bxd3 46. Bxc5 Rc6 47. Bxb4 Re2 48.
Qa7 Be4 49. Qe7 Ne5 50. Qf8+ Kh7 51. Qe7+ Kg8 52. Kg3 Rcc2 53. Qf8+ Kh7 54. Qe7+
Kh6 55. Qxf6 Rxg2+ 56. Kf4 Kh7 57. Qe7+ Kg8 58. Nxe5 Bf5 59. Ng4 Bxg4 60. hxg4
Rcf2+ 61. Kg5 Rf5+ 62. Kxg6 1-0